The Calculus story : a mathematical adventure (Record no. 78845)
[ view plain ]
| 000 -LEADER | |
|---|---|
| fixed length control field | 00808nam a22002417a 4500 |
| 003 - CONTROL NUMBER IDENTIFIER | |
| control field | CBULib |
| 005 - DATE AND TIME OF LATEST TRANSACTION | |
| control field | 20240911092220.0 |
| 008 - FIXED-LENGTH DATA ELEMENTS--GENERAL INFORMATION | |
| fixed length control field | 230705b |||||||| |||| 00| 0 eng d |
| 020 ## - INTERNATIONAL STANDARD BOOK NUMBER | |
| International Standard Book Number | 9780198804543 |
| 040 ## - CATALOGING SOURCE | |
| Original cataloging agency | CBULib |
| Transcribing agency | CBULib |
| Language of cataloging | English |
| Description conventions | rda |
| 041 ## - LANGUAGE CODE | |
| Language code of text/sound track or separate title | eng |
| 050 ## - LIBRARY OF CONGRESS CALL NUMBER | |
| Classification number | QA 303.2 Ach |
| 100 1# - MAIN ENTRY--PERSONAL NAME | |
| Personal name | Acheson, David, |
| 9 (RLIN) | 783 |
| Dates associated with a name | 1946- |
| 245 ## - TITLE STATEMENT | |
| Title | The Calculus story : a mathematical adventure |
| Statement of responsibility, etc | / by David, Acheson |
| 260 ## - PUBLICATION, DISTRIBUTION, ETC. (IMPRINT) | |
| Name of publisher, distributor, etc | Oxford University Press : |
| Date of publication, distribution, etc | 2017 |
| Place of publication, distribution, etc | United Kingdom, |
| 300 ## - PHYSICAL DESCRIPTION | |
| Extent | viii,192 pages,9 unnumbered pages of plates : illustrations |
| 336 ## - CONTENT TYPE | |
| Source | rdacontent |
| Content type term | Text | |
| Content type code | txt |
| 337 ## - MEDIA TYPE | |
| Source | rdamedia |
| Media type term | Unmediated | |
| Media type code | n |
| 338 ## - CARRIER TYPE | |
| Source | rdacarrier |
| Carrier type term | Volume |
| Carrier type code | nc |
| 650 #0 - SUBJECT ADDED ENTRY--TOPICAL TERM | |
| Source of heading or term | Library of Congress |
| Topical term or geographic name as entry element | CALCULUS--HISTORY |
| 9 (RLIN) | 784 |
| 650 #0 - SUBJECT ADDED ENTRY--TOPICAL TERM | |
| Source of heading or term | Library of Congress |
| Topical term or geographic name as entry element | CALCULUS |
| 9 (RLIN) | 83 |
| 942 ## - ADDED ENTRY ELEMENTS (KOHA) | |
| Koha item type | MONOGRAPH |
| Source of classification or shelving scheme | |
| Withdrawn status | Lost status | Source of classification or shelving scheme | Damaged status | Not for loan | Collection code | Permanent Location | Current Location | Shelving location | Date acquired | Source of acquisition | Total Checkouts | Full call number | Barcode | Date last seen | Date checked out | Copy number | Price effective from | Koha item type | Cost, normal purchase price |
|---|---|---|---|---|---|---|---|---|---|---|---|---|---|---|---|---|---|---|---|
| Mpika Library Collection | CBU-MPIKA LIBRARY, MPIKA CAMPUS. | CBU-MAIN LIBRARY, KITWE. | General Stacks | 06/06/2023 | DON-BOOKAID | 1 | QA 303.2 Ach | 752332 | 08/27/2025 | 07/29/2025 | 1 | 06/06/2023 | MONOGRAPH | ||||||
| Mpika Library Collection | CBU-MPIKA LIBRARY, MPIKA CAMPUS. | CBU-MAIN LIBRARY, KITWE. | General Stacks | 08/29/2023 | DON-BOOKAID | QA 303.2 Ach | 752333 | 08/29/2023 | 2 | 08/29/2023 | MONOGRAPH | ||||||||
| CBU-Lusaka Campus | CBU- LUSAKA CAMPUS | CBU-MAIN LIBRARY, KITWE. | General Stacks | 09/11/2024 | DON-BOOKAID | QA 303.2 Ach | 752732 | 09/11/2024 | 3 | 09/11/2024 | MONOGRAPH | 25.62 |